[Event "GER Seniors Derby 02nd"]
[Site "Wesel/Heidelust"]
[Date "2003.03.15"]
[Round "6"]
[White "Mladenovic, Slobodan"]
[Black "Stuebing, Horst"]
[Result "0-1"]
[WhiteElo "1608"]
[BlackElo "1672"]
[PlyCount "106"]
[EventDate "2003.03.13"]
[EventType "swiss"]
[EventRounds "7"]
[EventCountry "GER"]
[SourceTitle "EXT 2006"]
[Source "ChessBase"]
[SourceDate "2005.11.24"]
[SourceVersion "1"]
[SourceVersionDate "2005.11.24"]
[SourceQuality "1"]

1. e4 e5 2. Nf3 Nc6 3. Bc4 Bc5 4. b4 Bxb4 5. c3 Be7 6. d4 Na5 7. Nxe5 Nxc4 8. Nxc4 d6 9. 0-0 c6 10. Nbd2 b5 11. Ne3 Qc7 12. Bb2 Nh6 13. d5 c5 14. c4 f6 15. cxb5 Rb8 16. a4 a6 17. Qe2 axb5 18. axb5 Bd7 19. Qh5+ Nf7 20. Bc3 Bxb5 21. Rfc1 Bd7 22. Qd1 0-0 23. Ba5 Qc8 24. Ndc4 Bd8 25. Bxd8 Qxd8 26. Rcb1 Qc7 27. Rxb8 Rxb8 28. Rb1 g6 29. h3 Kg7 30. Qc1 Ne5 31. Nxe5 fxe5 32. Rxb8 Qxb8 33. f3 h6 34. Qc3 Kf7 35. Kh2 Qb4 36. Qc1 h5 37. Nc4 Qb8 38. Qh6 Bb5 39. Ne3 c4 40. h4 c3 41. g4 Qf8 42. Qg5 Qe7 43. Qh6 Qxh4+ 44. Kg2 Qf6 45. gxh5 gxh5 46. Qxh5+ Qg6+ 47. Qxg6+ Kxg6 48. Kg3 Kg5 49. Nc2 Ba4 50. Nb4 c2 51. Nd3 Bb5 52. Nc1 Bc4 53. Kf2 Kf4 0-1

[Event "GER Seniors Derby 02nd"]
[Site "Wesel/Heidelust"]
[Date "2003.03.13"]
[Round "2"]
[White "Mladenovic, Slobodan"]
[Black "Floerchinger, Ludolf"]
[Result "0-1"]
[WhiteElo "1608"]
[BlackElo "1486"]
[PlyCount "66"]
[EventDate "2003.03.13"]
[EventType "swiss"]
[EventRounds "7"]
[EventCountry "GER"]
[SourceTitle "EXT 2006"]
[Source "ChessBase"]
[SourceDate "2005.11.24"]
[SourceVersion "1"]
[SourceVersionDate "2005.11.24"]
[SourceQuality "1"]

1. e4 d5 2. exd5 Nf6 3. Bb5+ Nbd7 4. c4 a6 5. Bxd7+ Bxd7 6. Nc3 e6 7. Nf3 exd5 8. cxd5 Be7 9. Qb3 b5 10. Ne5 0-0 11. Nxd7 Qxd7 12. a3 Rad8 13. 0-0 Nxd5 14. Re1 Nf6 15. a4 b4 16. Ne2 c5 17. Qc4 a5 18. b3 Rfe8 19. Rd1 Bd6 20. Bb2 Re4 21. Qa6 Re6 22. Kf1 Be5 23. Qxa5 Bxb2 24. Rab1 Bd4 25. Rbc1 Rde8 26. Nf4 R6e7 27. Qa6 Ng4 28. Nd3 Nxh2+ 29. Kg1 Ng4 30. Nxc5 Bxf2+ 31. Kf1 Qf5 32. g3 Bxc5+ 33. Kg2 Re2+ 0-1